Statistics for Great Coastline Trip - Eurasia + Africa

Click here to take the quiz!

General Stats

  • This quiz has been taken 62 times
    (59 since last reset)
  • The average score is 93 of 113

Answer Stats

Start = PortugalNext Country% Correct
and from there toFrance
100%
and from there toSpain
100%
and from there toBelgium
98%
and from there toGermany
98%
and from there toNetherlands
98%
and from there toBangladesh
96%
and from there toCambodia
96%
and from there toChina
96%
and from there toDenmark
96%
and from there toEstonia
96%
and from there toFinland
96%
and from there toGermany
96%
and from there toIndia
96%
and from there toIran
96%
and from there toKuwait
96%
and from there toLatvia
96%
and from there toLithuania
96%
and from there toNorth Korea
96%
and from there toNorth Korea
96%
and from there toNorway
96%
and from there toPakistan
96%
and from there toPoland
96%
continent switchRussia
96%
and from there toRussia
96%
and from there toRussia
96%
and from there toSaudi Arabia
96%
and from there toSouth Korea
96%
and from there toSweden
96%
and from there toThailand
96%
and from there toVietnam
96%
and from there toIraq
93%
and from there toMalaysia
93%
and from there toMyanmar
93%
and from there toOman
93%
and from there toQatar
93%
and from there toSaudi Arabia
93%
and from there toSaudi Arabia
93%
and from there toThailand
93%
and from there toUnited Arab Emirates
93%
and from there toYemen
91%
and from there toOman
89%
and from there toUnited Arab Emirates
89%
continent switchEgypt
87%
and from there toEritrea
87%
and from there toIsrael
87%
and from there toKenya
87%
and from there toSomalia
87%
and from there toTanzania
87%
and from there toDjibouti
84%
and from there toJordan
84%
and from there toMozambique
84%
and from there toNamibia
84%
and from there toSouth Africa
84%
and from there toAngola
82%
and from there toDemocratic republic of the Congo
82%
and from there toSudan
82%
and from there toGabon
80%
and from there toAlgeria
78%
and from there toBenin
78%
and from there toCameroon
78%
and from there toEgypt
78%
and from there toGhana
78%
continent switchIsrael
78%
and from there toIvory Coast
78%
and from there toLebanon
78%
and from there toLiberia
78%
and from there toLibya
78%
and from there toNigeria
78%
and from there toRepublic of the Congo
78%
and from there toSyria
78%
and from there toTogo
78%
and from there toTunisia
78%
and from there toTurkey
78%
and from there toAngola
76%
and from there toEquatorial Guinea
76%
and from there toGuinea
76%
and from there toMorocco
76%
and from there toMorocco
76%
and from there toSenegal
76%
and from there toSierra Leone
76%
and from there toSpain
76%
and from there toSpain
76%
and from there toGambia
73%
and from there toGuinea Bissau
73%
and from there toMauritania
73%
and from there toMorocco
73%
and from there toMorocco
73%
and from there toSenegal
73%
and from there toSpain
73%
and from there toCroatia
71%
and from there toFrance
71%
and from there toFrance
71%
and from there toGeorgia
71%
and from there toItaly
71%
and from there toMonaco
71%
continent switchRussia
71%
and from there toSlovenia
71%
and from there toSpain
71%
and from there toUkraine
71%
and from there toBosnia and Herzegovina
69%
and from there toTurkey
69%
and from there toAlbania
67%
and from there toBulgaria
67%
and from there toCroatia
67%
and from there toGreece
67%
and from there toMontenegro
67%
And finally back toPortugal
67%
and from there toRomania
67%
and from there toRussia
67%
and from there toSpain
67%
and from there toUkraine
67%
and from there toUnited Kingdom
67%
Bonus QuestionSpain
53%

Score Distribution

Percentile by Number Answered

Percent of People with Each Score

Your Score History

You have not taken this quiz since the last reset